| 000 | 00916nam a2200277 a 4500 | ||
|---|---|---|---|
| 001 | 630 | ||
| 003 | BR-CuiBMT | ||
| 005 | 20231110232432.0 | ||
| 008 | 231108s2012 spba 001 0 por d | ||
| 020 | _a9788522472185 | ||
| 040 |
_aBR-CuiBMT _cBR-CuiBMT |
||
| 080 |
_a34:336.2 _22007 |
||
| 090 |
_a34:336.2 _bC345d _c23. ed. |
||
| 100 | 1 |
_aCassone, Vittorio, _d1939- |
|
| 245 | 0 |
_aDireito tributário / _cVittorio Cassone. |
|
| 250 | _a23. ed. | ||
| 260 |
_aSão Paulo : _bAtlas, _c2012. |
||
| 300 |
_a394 p.: _bil. ; _c24 cm |
||
| 500 | _aFundamentos constitucionais da tributação. Definição de tributos e suas espécies. Conceito e classificação dos impostos. Doutrina, prática e jurisprudência. | ||
| 504 | _aInclui bibliografia. | ||
| 650 | _aDireito tributário | ||
| 650 | _aCompetência tributária | ||
| 650 | _aCrédito tributário | ||
| 650 |
_aImpostos _xJurisprudência |
||
| 942 |
_2udc _cLV |
||
| 999 |
_c630 _d630 |
||